000 01389nam a22003857a 4500
003 CHAP
005 20220329140924.0
008 971013s1993 r 10010 d
010 _a59862
011 _a60834
035 _a64997
040 _cCHAP
082 _a633.1
_bR43 1988
111 0 0 _aReunión de Especialistas Nacionales en Avena, Cebada y Triticale del Cono Sur (
_n2
_d: 1988
_c: Passo Fundo, Brasil)
_996295
245 _aAvena, cebada y triticale en el Cono Sur
260 _aMontevideo :
_bIICA-PROCISUR,
_c1993
300 _a119 p.
_b: ilus.
490 _aDiálogo/IICA-PROCISUR
_v; 37
590 _aBATCH-UPD
_b10
_c20130110
_lUCH01
_h0211
590 _aBATCH-UPD
_b10
_c20130110
_lUCH01
_h2254
590 _aBATCH-UPD
_b10
_c20130409
_lUCH01
_h2226
590 _aBATCH-UPD
_b10
_c20130410
_lUCH01
_h1547
590 _aBATCH-UPD
_b10
_c20130914
_lUCH01
_h0433
590 _aBATCH-UPD
_b10
_c20130914
_lUCH01
_h2055
590 _aCONVERSION
_b10
_c20130109
_lUCH01
_h1332
650 1 4 _aAvena
_xAmérica del Sur.
_98505
650 1 4 _aCebada
_xAmérica del Sur.
_920655
650 1 4 _aCereales
_xAmérica del Sur.
_921380
650 1 4 _aTriticale
_xAmérica del Sur.
_9115197
700 0 _aPuignau, Juan P.
_eed.
_992961
830 0 _aDiálogo/IICA-PROCISUR
_v; 37
_932637
901 _aBK
942 _cLIBRO
949 _a633.1 R43 1988
_bBC
_cLIBRO
_d33724000083051
_eLIBRO
_h90335
_i64997
_si
999 _c59862
_d59862